The waterfall
| Main Author: | |
|---|---|
| Format: | Book |
| Published: |
Kuala Lumpur :
Utusan Publications & Distrubutors Sdn.Bhd. ,
1993
|
| Subjects: |
MARC
| LEADER | 00000cam a2200000 7i4500 | ||
|---|---|---|---|
| 001 | 0000000638 | ||
| 002 | 000000730 | ||
| 005 | 20000330.0 | ||
| 020 | |a 9676102466 | ||
| 090 | 0 | 0 | |a JF |b MOR |
| 100 | 1 | |a Morgan, Damian | |
| 245 | 1 | 4 | |a The waterfall |c Damian Morgan |
| 260 | |a Kuala Lumpur : |b Utusan Publications & Distrubutors Sdn.Bhd. , |c 1993 | ||
| 300 | |a 74 p. ; |c 22 cm. | ||
| 650 | 0 | 0 | |a Children's stories |
| 999 | |a 030463 |b BUKU |c YOUTH FICTION |e PERPUSTAKAAN KOMUNITI PETALING JAYA | ||